00675 2200253 4500001002100000005001500021035002000036007000300056008004100059020001800100082001200118084001800130100004200148245007700190250001000267260004000277300002200317650001700339990001300356990001300369990001300382990001300395990001300408INLIS00000000000776920260602091216 a0010-0626000009ta260602 | | ind  a979-3084-29-4 a636.514 a636.514 KHO a1 aKholis, Syahrul ; Maloedyn Sitanggang1 aAyam Arab & Poncin Petelur Unggul /cSyahrul Kholis; Maloedyn Sitanggang aCet 1 aJakarta :bAgromedia Pustaka,c2002 a60 hlm ;c23,5 cm 4aAyam Petelur a094.3/26 a094/2026 a094.2/26 a094.4/26 a094.5/26